| 000 | 00699nam a22002177a 4500 | ||
|---|---|---|---|
| 005 | 20260609152733.0 | ||
| 010 | _aENG-148783 | ||
| 020 |
_a9788178246932 _c795.00 |
||
| 035 | _aEN-132315 | ||
| 037 | _bDBAD | ||
| 082 | _a320.0954 | ||
| 100 | _aFitzgerald,F. Scott | ||
| 245 |
_aThe great gatsby / _cby F. Scott,Fitzgerald ; edited by Evangeline Manickam |
||
| 260 |
_c2016 _aNew Delhi _bOrient Blackswan |
||
| 270 |
_a1/24, Asaf Ali Road _bNew Delhi _e110002 |
||
| 300 |
_c22cm(pbk) _avii,195p |
||
| 490 | _aOrient Blackswan CRITICAL TEXT | ||
| 500 | _aIncludes bibliographical references | ||
| 700 |
_a Manickam, Evangeline _989342 |
||
| 942 |
_cEN _2ddc _h320.0954 _mSRI |
||
| 999 |
_c216572 _d216572 |
||